LEADER 03044oam 2200697I 450 001 9910450963003321 005 20200520144314.0 010 $a1-134-87210-0 010 $a1-134-87209-7 010 $a1-282-32007-6 010 $a9786612320071 010 $a0-203-13777-9 024 7 $a10.4324/9780203137772 035 $a(CKB)1000000000254751 035 $a(EBL)165883 035 $a(OCoLC)60563517 035 $a(SSID)ssj0000360604 035 $a(PQKBManifestationID)11245658 035 $a(PQKBTitleCode)TC0000360604 035 $a(PQKBWorkID)10347477 035 $a(PQKB)10005726 035 $a(MiAaPQ)EBC165883 035 $a(Au-PeEL)EBL165883 035 $a(CaPaEBR)ebr10058219 035 $a(CaONFJC)MIL232007 035 $a(OCoLC)958105090 035 $a(EXLCZ)991000000000254751 100 $a20180331d1996 uy 0 101 0 $aeng 135 $aurcn||||||||| 181 $ctxt 182 $cc 183 $acr 200 14$aThe global jukebox $ethe international music industry /$fRobert Burnett 210 1$aLondon ;$aNew York :$cRoutledge,$d1996. 215 $a1 online resource (186 p.) 225 1 $aCommunication and society 300 $aDescription based upon print version of record. 311 $a0-415-09276-0 311 $a0-415-09275-2 320 $aIncludes bibliographical references (p. 153-165) and index. 327 $aBook Cover; Title; Contents; List of figures; List of tables; Acknowledgements; Introduction; Music and the entertainment industry; Music as popular culture; The music industry in transition; The production of popular music; The consumption of popular music; The American example; The Swedish example; Future sounds: a global jukebox?; Postscript; Appendix: Internet World Wide Web (WWW) music home pages; Bibliography; Index 330 $aPopular music is with us constantly. It is part of our everyday environment and in global terms it is now perhaps the most universal means of communication.The Global Jukebox is the first comprehensive study of the international music industry at a time of great change, as the entertainment industry acknowledges its ever growing global audience. Robert Burnett provides an international overview of the music business and its future prospects in the UK, Northern Europe and the United States and Canada. He examines the relationship between local and global cultures and between concent 410 0$aCommunication and society (Routledge (Firm)) 606 $aMusic trade 606 $aPopular music$xHistory and criticism 606 $aMusic$xSocial aspects 608 $aElectronic books. 615 0$aMusic trade. 615 0$aPopular music$xHistory and criticism. 615 0$aMusic$xSocial aspects. 676 $a338.4778 676 $a338.4778164 700 $aBurnett$b Robert$f1956,$0881576 801 0$bMiAaPQ 801 1$bMiAaPQ 801 2$bMiAaPQ 906 $aBOOK 912 $a9910450963003321 996 $aThe global jukebox$91968762 997 $aUNINA